[Event "ChessKid Divisione 1 - Preliminare"]
[Site "Internet"]
[Date "22.05.2023"]
[Round "P1"]
[White "Nakamura, Hikaru"]
[Black "Van Foreest, Jorden"]
[Result "0-1"]
[WhiteTitle "GM"]
[BlackTitle "GM"]
[WhiteElo "2775"]
[BlackElo "2689"]
[WhiteFideId "2016192"]
[BlackFideId "1039784"]
[EventDate "22.05.2023"]
[EventType "k.o."]

1. Nf3 d5 2. d4 Nf6 3. Bf4 c5 4. e3 e6 5. Nbd2 Qb6 6. Rb1 cxd4 7. exd4 Bd7 8.
Be2 Bb5 9. O-O Bxe2 10. Qxe2 Nc6 11. c3 Be7 12. Ne1 O-O 13. Nd3 a5 14. a4 Qa6
15. Rfe1 Rfe8 16. h3 Nd7 17. Nf1 Nb6 18. Ra1 Nc4 19. b3 Nb6 20. Ng3 Nd7 21. Red1
g6 22. Be3 Bd6 23. f4 Nf6 24. Bf2 Rac8 25. Rac1 Ne7 26. c4 dxc4 27. bxc4 Nf5 28.
Nf1 Rxc4 29. Nc5 Rxc5 30. Qxa6 Rxc1 31. Qd3 Rec8 32. g3 R1c3 33. Qb5 h5 34. Qxb7
Nd5 35. Be1 Rc2 36. Bxa5 h4 37. Be1 hxg3 38. Nxg3 Nh4 39. Bf2 Nxf4 40. Ne4 Nf3+
41. Kh1 Nxh3 42. Rf1 Kg7 43. Nxd6 Nxf2+ 44. Kg2 Ne4+ 45. Kxf3 Nxd6 46. Qb1 R8c3+
47. Kf4 f6 48. Rg1 Rf2+ 49. Kg4 0-1

[Event "ChessKid Divisione 1 - Preliminare"]
[Site "Internet"]
[Date "22.05.2023"]
[Round "P2"]
[White "Van Foreest, Jorden"]
[Black "Nakamura, Hikaru"]
[Result "0-1"]
[WhiteTitle "GM"]
[BlackTitle "GM"]
[WhiteElo "2689"]
[BlackElo "2775"]
[WhiteFideId "1039784"]
[BlackFideId "2016192"]
[EventDate "22.05.2023"]
[EventType "k.o."]

1. d4 g6 2. e4 d6 3. Nc3 Bg7 4. Be3 c6 5. h3 b5 6. Bd3 a6 7. Nf3 Nf6 8. e5 dxe5
9. dxe5 Nd5 10. Nxd5 Qxd5 11. Qe2 Be6 12. Bd4 Qd8 13. O-O Bd5 14. e6 f6 15. Be4
Bc4 16. Bd3 Bd5 17. Bc5 Qc8 18. c4 bxc4 19. Bxc4 O-O 20. Rac1 Qb7 21. b4 Bxc4
22. Qxc4 a5 23. Rb1 axb4 24. Rfd1 Re8 25. Bxb4 Qa6 26. Qe4 Qxa2 27. h4 Na6 28.
Qxc6 Rac8 29. Qd7 Nb8 30. Qd5 Qxd5 31. Rxd5 Na6 32. Ba3 Rc3 33. Ra5 Nc7 34. Ra7
Bf8 35. Rbb7 Rc8 36. h5 Rc4 37. g3 Kg7 38. Bb2 Kh6 39. hxg6 hxg6 40. Ba3 g5 41.
Kg2 Kg6 42. Rb2 Rc3 43. Bb4 Rc6 44. Re2 Re8 45. Nd4 Rc4 46. Ba3 Rc8 47. Rd2 g4
48. Ne2 Nb5 49. Ra5 Nxa3 50. Rxa3 Bh6 51. Rb2 Re4 52. Ra6 f5 53. f3 gxf3+ 54.
Kxf3 Kf6 55. Ra3 Rxe6 56. Nf4 Rd6 57. Nh5+ Kg5 58. Nf4 e5 59. Nh3+ Kf6 60. Nf2
Bc1 61. Rab3 Bxb2 62. Rxb2 Rc3+ 63. Kg2 Rdc6 64. Rb8 Rc2 65. Rf8+ Kg6 66. Rg8+
Kf7 67. Ra8 e4 68. Kf1 Rb6 69. Ra1 Rb3 0-1

[Event "ChessKid Divisione 1 - Preliminare"]
[Site "Internet"]
[Date "22.05.2023"]
[Round "P3"]
[White "Nakamura, Hikaru"]
[Black "Van Foreest, Jorden"]
[Result "1/2-1/2"]
[WhiteTitle "GM"]
[BlackTitle "GM"]
[WhiteElo "2775"]
[BlackElo "2689"]
[WhiteFideId "2016192"]
[BlackFideId "1039784"]
[EventDate "22.05.2023"]
[EventType "k.o."]

1. Nf3 d5 2. g3 g6 3. Bg2 Bg7 4. O-O e5 5. d3 Nc6 6. e4 dxe4 7. dxe4 Qxd1 8.
Rxd1 Bg4 9. c3 f6 10. b4 Bh6 11. Bb2 Nge7 12. Nbd2 O-O-O 13. Nb3 1/2-1/2

[Event "ChessKid Divisione 1 - Preliminare"]
[Site "Internet"]
[Date "22.05.2023"]
[Round "P4"]
[White "Van Foreest, Jorden"]
[Black "Nakamura, Hikaru"]
[Result "1-0"]
[WhiteTitle "GM"]
[BlackTitle "GM"]
[WhiteElo "2689"]
[BlackElo "2775"]
[WhiteFideId "1039784"]
[BlackFideId "2016192"]
[EventDate "22.05.2023"]
[EventType "k.o."]

1. d4 Nf6 2. c4 e6 3. Nc3 Bb4 4. Qc2 O-O 5. e4 d5 6. e5 Ne4 7. Bd3 c5 8. a3
Bxc3+ 9. bxc3 cxd4 10. cxd4 Qa5+ 11. Kf1 Bd7 12. Ne2 f6 13. Bxe4 dxe4 14. exf6
Rxf6 15. Be3 Bc6 16. Ng3 Nd7 17. Kg1 Rg6 18. h4 Rg4 19. h5 h6 20. Rh3 Nf6 21.
Nf1 Rd8 22. Nh2 Rg5 23. d5 Ba4 24. Qe2 Re5 25. Bd4 Qc7 26. Bxe5 Qxe5 27. Re1
exd5 28. cxd5 Rxd5 29. Nf1 Be8 30. Ng3 Bd7 31. Rh4 Qg5 32. Rh1 Bc6 33. Nf1 Nxh5
34. Ne3 Nf4 35. Qg4 Qxg4 36. Nxg4 Ra5 37. Rh4 Nd3 38. Ra1 Rf5 39. Rxh6 Rf4 40.
Rg6 Bd7 41. Ne3 Rxf2 42. Rc1 Bc6 43. Rf1 Rxf1+ 44. Kxf1 Kf7 45. Rd6 Nf4 46. Kf2
Ne6 47. Nc4 Ke7 48. Rd1 Nf4 49. Ne5 e3+ 50. Kxe3 Nxg2+ 51. Kd4 Kd6 52. Rf1 Be8
53. Rf8 Ba4 54. Rf7 Bc6 55. Nc4+ Ke6 56. Rxg7 Nh4 57. Kc5 Bf3 58. Ne3 Bc6 59.
Nc2 Nf5 60. Rh7 a6 61. Nb4 Be4 62. Kb6 Nd6 63. Rh6+ Ke5 64. Kc5 Nf5 65. Rh5 Bf3
66. Rg5 Kf6 67. Rg8 Ke6 68. Re8+ Ne7 69. Nd3 Be4 70. Nb2 Bc6 71. Rh8 Nf5 72. Nc4
Bf3 73. Na5 Bg2 74. Rh7 b5 75. Ra7 Bf1 76. Rxa6+ Kd7 77. Nc6 Ng3 78. Ra7+ Ke6
79. Nd4+ Ke5 80. Nxb5 Ne4+ 81. Kb4 Kd5 82. a4 Nc5 83. Rh7 Nd3+ 84. Ka5 Nb2 85.
Rh2 Nd3 86. Kb6 Ne5 87. Rh5 Ke6 88. Kc7 Kf6 89. Nd4 Bd3 90. a5 1-0

[Event "ChessKid Divisione 1 - Preliminare"]
[Site "Internet"]
[Date "22.05.2023"]
[Round "P1"]
[White "Firouzja, Alireza"]
[Black "Kollars, Dmitrij"]
[Result "1-0"]
[WhiteTitle "GM"]
[BlackTitle "GM"]
[WhiteElo "2785"]
[BlackElo "2607"]
[WhiteFideId "12573981"]
[BlackFideId "12909572"]
[EventDate "22.05.2023"]
[EventType "k.o."]

1. d4 Nf6 2. c4 e6 3. g3 d5 4. Bg2 Bb4+ 5. Nd2 O-O 6. a3 Bxd2+ 7. Bxd2 dxc4 8.
Nf3 Nc6 9. e3 Rb8 10. a4 a6 11. Qc1 b5 12. b3 e5 13. bxc4 bxc4 14. Qxc4 Bb7 15.
O-O exd4 16. exd4 Ne4 17. Bf4 Nd6 18. Qc5 Nb4 19. Bg5 f6 20. Bd2 Nd5 21. Ng5
fxg5 22. Bxd5+ Nf7 23. Be6 h6 24. Rac1 Kh8 25. Rfe1 Qf6 26. d5 Ne5 27. Bc3 Nf3+
28. Kh1 Qg6 29. Re3 Qh5 30. h3 g4 31. h4 Nxh4 32. Bxg7+ Kxg7 33. Qd4+ Kg6 34.
Qe4+ Nf5+ 35. Kg1 Bc8 36. Bxc8 Rbxc8 37. Rc6+ Kh7 38. Re6 Rf7 39. Re5 Qg6 40.
Re6 Qg5 41. Rc3 Rcf8 42. Rcc6 Kh8 43. Qe5+ Qg7 44. Rxh6+ Nxh6 45. Rxh6+ Kg8 46.
Qe6 Qxh6 47. Qxh6 Rxf2 48. Qg5+ Kh7 49. Qh5+ Kg7 50. Qxg4+ Kh7 51. Qe4+ Kg8 52.
Qg6+ Kh8 53. Qxa6 R2f5 54. Qc4 R8f7 55. a5 Rg5 56. Qh4+ 1-0

[Event "ChessKid Divisione 1 - Preliminare"]
[Site "Internet"]
[Date "22.05.2023"]
[Round "P2"]
[White "Kollars, Dmitrij"]
[Black "Firouzja, Alireza"]
[Result "1-0"]
[WhiteTitle "GM"]
[BlackTitle "GM"]
[WhiteElo "2607"]
[BlackElo "2785"]
[WhiteFideId "12909572"]
[BlackFideId "12573981"]
[EventDate "22.05.2023"]
[EventType "k.o."]

1. e4 e5 2. Nf3 Nf6 3. Nxe5 d6 4. Nf3 Nxe4 5. d4 d5 6. Bd3 Bd6 7. O-O O-O 8. c4
c6 9. Re1 Bf5 10. Ng5 Re8 11. Bxe4 dxe4 12. Nc3 Nd7 13. Ngxe4 Bxe4 14. Nxe4
Bxh2+ 15. Kxh2 Qh4+ 16. Kg1 Rxe4 17. Be3 Rae8 18. Qb3 Nf6 19. f3 R4e7 20. Qc3
Nh5 21. Bf2 Qg5 22. Rxe7 Rxe7 23. Kf1 Nf4 24. g3 Ne2 25. Qa3 Re6 26. d5 cxd5 27.
Qc5 Re8 28. Re1 Qf5 29. Rxe2 Qd3 30. Be3 dxc4 31. Kf2 h6 32. Qd4 Qb1 33. Qxc4
Qh1 34. Qh4 Qd1 35. Rd2 Qb1 36. a3 b5 37. Re2 Qd1 38. Qh3 Re5 39. Qf1 Qd5 40.
Bxa7 Rh5 41. Kg1 f5 42. Be3 Kh7 43. Rh2 1-0

[Event "ChessKid Divisione 1 - Preliminare"]
[Site "Internet"]
[Date "22.05.2023"]
[Round "P3"]
[White "Firouzja, Alireza"]
[Black "Kollars, Dmitrij"]
[Result "0-1"]
[WhiteTitle "GM"]
[BlackTitle "GM"]
[WhiteElo "2785"]
[BlackElo "2607"]
[WhiteFideId "12573981"]
[BlackFideId "12909572"]
[EventDate "22.05.2023"]
[EventType "k.o."]

1. d4 Nf6 2. c4 e6 3. g3 d5 4. Bg2 Bb4+ 5. Bd2 a5 6. a3 Be7 7. Qc2 O-O 8. Nf3 c6
9. h4 Nbd7 10. Bf4 b6 11. Nbd2 Bb7 12. e4 dxe4 13. Ng5 c5 14. d5 exd5 15. cxd5
Bxd5 16. O-O-O Qc8 17. Ndxe4 Bc6 18. Kb1 Ra7 19. Nxf6+ Nxf6 20. Bxc6 Qxc6 21.
Be5 g6 22. h5 Ng4 23. Nxh7 Nxe5 24. Nxf8 Bxf8 25. Rhe1 Nf3 26. Re3 Qf6 27. hxg6
Nd4 28. gxf7+ Rxf7 29. Qe4 Qxf2 30. g4 Qf4 31. Qd3 a4 32. Rh1 Qf6 33. Reh3 Bg7
34. Re3 b5 35. Qh7+ Kf8 36. Rhe1 Ne6 37. Qc2 Re7 38. Qd3 Qxb2# 0-1

[Event "ChessKid Divisione 1 - Preliminare"]
[Site "Internet"]
[Date "22.05.2023"]
[Round "P4"]
[White "Kollars, Dmitrij"]
[Black "Firouzja, Alireza"]
[Result "0-1"]
[WhiteTitle "GM"]
[BlackTitle "GM"]
[WhiteElo "2607"]
[BlackElo "2785"]
[WhiteFideId "12909572"]
[BlackFideId "12573981"]
[EventDate "22.05.2023"]
[EventType "k.o."]

1. e4 c5 2. c3 Nf6 3. e5 Ng8 4. d4 cxd4 5. cxd4 d5 6. Nc3 Nc6 7. Be3 Nh6 8. Bd3
Nf5 9. Nf3 g6 10. O-O Bg7 11. Qb3 Nxe3 12. fxe3 e6 13. e4 dxe4 14. Bxe4 Nxd4 15.
Qa4+ Nc6 16. Bxc6+ bxc6 17. Qxc6+ Bd7 18. Qd6 Bf8 19. Qd4 Bc6 20. Qf4 Qb6+ 21.
Kh1 Be7 22. Ng5 O-O 23. Nce4 Bxg5 24. Nxg5 Qxb2 25. Qg3 Rad8 26. Rab1 Qxa2 27.
Ra1 Qe2 28. Rae1 Qd2 29. Nf3 Bxf3 30. Rxf3 a5 31. h4 Rd4 32. Kh2 h5 33. Ree3 Rg4
34. Qh3 Qd4 35. g3 Re4 36. Rxe4 Qxe4 37. Qg2 Qxe5 38. Qf2 a4 39. Qa7 Qb2+ 40.
Kh3 Qc1 41. Kh2 Qc2+ 42. Kh3 e5 43. Rf2 Qc6 44. Kh2 e4 45. Ra2 Ra8 46. Qe3 Qc4
47. Qa3 e3 48. Rg2 Re8 0-1

[Event "ChessKid Divisione 1 - Preliminare"]
[Site "Internet"]
[Date "22.05.2023"]
[Round "P5"]
[White "Kollars, Dmitrij"]
[Black "Firouzja, Alireza"]
[Result "1-0"]
[WhiteTitle "GM"]
[BlackTitle "GM"]
[WhiteElo "2607"]
[BlackElo "2785"]
[WhiteFideId "12909572"]
[BlackFideId "12573981"]
[EventDate "22.05.2023"]
[EventType "k.o."]

1. e4 e5 2. Nf3 Nc6 3. Bb5 Nf6 4. O-O Nxe4 5. Re1 Nd6 6. Nxe5 Be7 7. Bf1 Nxe5 8.
Rxe5 O-O 9. d4 Ne8 10. d5 Bc5 11. Be3 Bxe3 12. Rxe3 d6 13. Nc3 Nf6 14. Qd4 Bd7
15. Rae1 Re8 16. h3 a6 17. a4 h6 18. a5 Rxe3 19. Rxe3 c5 20. dxc6 Bxc6 21. b4
Qd7 22. Ne2 Re8 23. Rxe8+ Nxe8 24. Nf4 Nc7 25. c4 d5 26. Nh5 Ne6 27. Qg4 Qe7 28.
b5 axb5 29. cxb5 Be8 30. a6 bxa6 31. bxa6 Bc6 32. f4 Qc5+ 33. Kh2 Qd4 34. Qg3
Qa1 35. Bd3 Nc5 36. f5 Nxd3 37. Qxd3 Kf8 38. Qg3 Qxa6 39. f6 g5 40. Qd6+ Kg8 41.
Qb8+ Kh7 42. Qb1+ Kg8 43. Qb8+ Kh7 44. Qf8 Kg6 45. Ng3 Kxf6 46. Qd6+ Kg7 47.
Nf5+ Kg8 48. Qf6 1-0

[Event "ChessKid Divisione 1 - Preliminare"]
[Site "Internet"]
[Date "22.05.2023"]
[Round "P1"]
[White "Caruana, Fabiano"]
[Black "Shimanov, Aleksandr"]
[Result "1-0"]
[WhiteTitle "GM"]
[BlackTitle "GM"]
[WhiteElo "2764"]
[BlackElo "2581"]
[WhiteFideId "2020009"]
[BlackFideId "4198603"]
[EventDate "22.05.2023"]
[EventType "k.o."]

1. e4 e6 2. d4 d5 3. Nc3 a6 4. Nf3 Nf6 5. e5 Nfd7 6. Ne2 c5 7. c3 Nc6 8. Nf4
cxd4 9. cxd4 g5 10. Ne2 g4 11. Nfg1 f6 12. exf6 Qxf6 13. a3 Nb6 14. h3 e5 15.
dxe5 Qxe5 16. hxg4 Bxg4 17. Nf3 Bxf3 18. gxf3 Bc5 19. Bh3 Nd4 20. Bf4 Nxf3+ 21.
Kf1 Qf6 22. Rc1 Bd6 23. Bxd6 Qxd6 24. Nd4 Nxd4 25. Qxd4 Kf7 26. Rc3 Raf8 27. Bg4
Nd7 28. Bxd7 Qxd7 29. Qf4+ Ke8 30. Qe5+ Kd8 31. Qb8+ Ke7 32. Re3+ Kf6 33. Qe5+
Kf7 34. Qf4+ Kg7 35. Rg3+ 1-0

[Event "ChessKid Divisione 1 - Preliminare"]
[Site "Internet"]
[Date "22.05.2023"]
[Round "P2"]
[White "Shimanov, Aleksandr"]
[Black "Caruana, Fabiano"]
[Result "1/2-1/2"]
[WhiteTitle "GM"]
[BlackTitle "GM"]
[WhiteElo "2581"]
[BlackElo "2764"]
[WhiteFideId "4198603"]
[BlackFideId "2020009"]
[EventDate "22.05.2023"]
[EventType "k.o."]

1. Nf3 Nf6 2. c4 e6 3. g3 d5 4. Bg2 Be7 5. O-O O-O 6. b3 c5 7. cxd5 Nxd5 8. Bb2
Nc6 9. d4 cxd4 10. Nxd4 Nxd4 11. Qxd4 Bf6 12. Qd2 Nf4 13. gxf4 Qxd2 14. Nxd2
Bxb2 15. Rad1 Rb8 16. Nc4 Bf6 17. Rd2 b6 18. Rc1 Ba6 19. Rd7 Bxc4 20. Rxc4 a5
21. Rcc7 Rbd8 22. Be4 g6 23. Kg2 1/2-1/2

[Event "ChessKid Divisione 1 - Preliminare"]
[Site "Internet"]
[Date "22.05.2023"]
[Round "P3"]
[White "Caruana, Fabiano"]
[Black "Shimanov, Aleksandr"]
[Result "1-0"]
[WhiteTitle "GM"]
[BlackTitle "GM"]
[WhiteElo "2764"]
[BlackElo "2581"]
[WhiteFideId "2020009"]
[BlackFideId "4198603"]
[EventDate "22.05.2023"]
[EventType "k.o."]

1. e4 e6 2. d4 d5 3. Nc3 Bb4 4. e5 c5 5. a3 Ba5 6. dxc5 Bxc3+ 7. bxc3 Qc7 8. Nf3
Nd7 9. Bf4 Ne7 10. Bd3 Nxc5 11. O-O Bd7 12. Re1 Ng6 13. Bd2 Na4 14. Ng5 Bc6 15.
Qg4 Nc5 16. h4 h5 17. Qb4 Nxd3 18. cxd3 Ne7 19. Nf3 Nf5 20. Bg5 Qb6 21. Qf4 Qa6
22. Red1 Bb5 23. Nd4 Nxd4 24. Qxd4 O-O 25. a4 Bd7 26. Re1 Rfc8 27. Re3 Qa5 28.
Qf4 Qxc3 29. Rb1 Qc2 30. Rxb7 Qxa4 31. d4 Rc1+ 32. Kh2 Rc4 33. Rf3 Rf8 34. Rxd7
Rxd4 35. Qe3 Re4 36. Qxa7 1-0

[Event "ChessKid Divisione 1 - Preliminare"]
[Site "Internet"]
[Date "22.05.2023"]
[Round "P1"]
[White "Abdusattorov, Nodirbek"]
[Black "Moussard, Jules"]
[Result "1-0"]
[WhiteTitle "GM"]
[BlackTitle "GM"]
[WhiteElo "2731"]
[BlackElo "2644"]
[WhiteFideId "14204118"]
[BlackFideId "642908"]
[EventDate "22.05.2023"]
[EventType "k.o."]

1. e4 c5 2. Nf3 d6 3. d4 cxd4 4. Qxd4 Nf6 5. Be2 Nc6 6. Qe3 g6 7. O-O Bg7 8. h3
O-O 9. Rd1 Nd7 10. Nc3 b6 11. Qf4 Nde5 12. Nxe5 Bxe5 13. Qh4 Nd4 14. Bd3 Bf6 15.
Qg3 Bb7 16. Bh6 Re8 17. Nd5 Bxd5 18. exd5 Qc8 19. Qf4 Be5 20. Qe4 e6 21. c3 Nf5
22. Bd2 a6 23. a4 Bg7 24. dxe6 fxe6 25. Qb4 Qc6 26. Bxf5 gxf5 27. Be3 d5 28.
Bxb6 Bf8 29. Qb3 Rab8 30. a5 Bc5 31. c4 Bxb6 32. Qg3+ Kh8 33. axb6 Rb7 34. Qe5+
Rg7 35. Rxa6 dxc4 36. g3 Rg8 37. Ra7 c3 38. Rxg7 1-0

[Event "ChessKid Divisione 1 - Preliminare"]
[Site "Internet"]
[Date "22.05.2023"]
[Round "P2"]
[White "Moussard, Jules"]
[Black "Abdusattorov, Nodirbek"]
[Result "1/2-1/2"]
[WhiteTitle "GM"]
[BlackTitle "GM"]
[WhiteElo "2644"]
[BlackElo "2731"]
[WhiteFideId "642908"]
[BlackFideId "14204118"]
[EventDate "22.05.2023"]
[EventType "k.o."]

1. e4 e6 2. d4 d5 3. Nc3 Bb4 4. Ne2 dxe4 5. a3 Bxc3+ 6. Nxc3 Nc6 7. d5 exd5 8.
Qxd5 Be6 9. Qxe4 Nf6 10. Qh4 Qd4 11. Qxd4 Nxd4 12. Bd3 O-O-O 13. Bg5 Bf5 14.
Bxf5+ Nxf5 15. O-O Nd4 16. Rac1 Rd6 17. Rfd1 Rhd8 18. Kf1 h6 19. Bf4 R6d7 20. h3
Re7 21. Rd3 c5 22. Rcd1 Rdd7 23. R3d2 b6 24. Be3 Nf5 25. Bf4 Nd4 26. Be3 Nf5 27.
Bf4 Nd4 1/2-1/2

[Event "ChessKid Divisione 1 - Preliminare"]
[Site "Internet"]
[Date "22.05.2023"]
[Round "P3"]
[White "Abdusattorov, Nodirbek"]
[Black "Moussard, Jules"]
[Result "1-0"]
[WhiteTitle "GM"]
[BlackTitle "GM"]
[WhiteElo "2731"]
[BlackElo "2644"]
[WhiteFideId "14204118"]
[BlackFideId "642908"]
[EventDate "22.05.2023"]
[EventType "k.o."]

1. d4 Nf6 2. c4 e6 3. Nf3 d5 4. Nc3 c5 5. e3 dxc4 6. Bxc4 a6 7. a4 Nc6 8. O-O
Be7 9. Qe2 cxd4 10. Rd1 e5 11. exd4 exd4 12. Nxd4 Nxd4 13. Qe5 Qd6 14. Qxd4 Qxd4
15. Rxd4 O-O 16. Bf4 Bc5 17. Rd2 Bf5 18. Nd5 Ne4 19. Re2 Rac8 20. Bd3 Ng3 21.
Rd2 Bxd3 22. Rxd3 Ne2+ 23. Kf1 Nxf4 24. Nxf4 Rc6 25. Rd7 Rb8 26. Rc1 g6 27. Nd3
Bf8 28. Rxc6 bxc6 29. Ke2 Bg7 30. Rc7 Bxb2 31. Rxc6 a5 32. Rc5 Bd4 33. Rxa5 Rb3
34. Rd5 Bf6 35. a5 Ra3 36. Nb4 Kg7 37. g3 h5 38. h4 Bc3 39. Nc6 Ra2+ 40. Kf1
Ra1+ 41. Kg2 Ra2 42. Kf1 Ra1+ 43. Ke2 Ra2+ 44. Kd1 Rxf2 45. a6 Ra2 46. a7 Ra6
47. Rd8 Be5 48. a8=Q Rxa8 49. Rxa8 Bxg3 50. Ra4 f6 51. Ke2 g5 52. hxg5 fxg5 53.
Nd4 Kf6 54. Ra6+ 1-0

[Event "ChessKid Divisione 1 - Sconfitti"]
[Site "Internet"]
[Date "23.05.2023"]
[Round "S1"]
[White "Nakamura, Hikaru"]
[Black "Firouzja, Alireza"]
[Result "1/2-1/2"]
[WhiteTitle "GM"]
[BlackTitle "GM"]
[WhiteElo "2775"]
[BlackElo "2785"]
[WhiteFideId "2016192"]
[BlackFideId "12573981"]
[EventDate "22.05.2023"]
[EventType "k.o."]

1. e4 e6 2. c4 c5 3. Nf3 Nc6 4. d4 cxd4 5. Nxd4 Nf6 6. Nxc6 bxc6 7. Nc3 e5 8.
Qd3 Bc5 9. Be3 Bxe3 10. Qxe3 Qb6 11. Qxb6 axb6 12. O-O-O Ke7 13. Be2 d6 14. Rd2
Be6 15. b3 g5 16. Kb2 g4 17. Bd3 h5 18. Nd1 h4 19. Ne3 g3 20. f3 Nh5 21. hxg3
hxg3 22. Rhd1 Nf4 23. Bf1 Rad8 24. b4 Rd7 25. a3 Rhd8 26. Re1 f6 27. Red1 d5 28.
cxd5 cxd5 29. exd5 Nxd5 30. Nc4 Rh8 31. a4 Ra8 32. Ra1 Rc7 33. a5 bxa5 34. Rxa5
Rxa5 35. bxa5 Nf4 36. Ne3 Rb7+ 37. Kc2 Rc7+ 38. Kb2 Rb7+ 39. Kc2 Rc7+ 40. Kb2 1/2-1/2

[Event "ChessKid Divisione 1 - Sconfitti"]
[Site "Internet"]
[Date "23.05.2023"]
[Round "S2"]
[White "Firouzja, Alireza"]
[Black "Nakamura, Hikaru"]
[Result "1-0"]
[WhiteTitle "GM"]
[BlackTitle "GM"]
[WhiteElo "2785"]
[BlackElo "2775"]
[WhiteFideId "12573981"]
[BlackFideId "2016192"]
[EventDate "22.05.2023"]
[EventType "k.o."]

1. e4 e5 2. Nf3 Nc6 3. Bc4 Nf6 4. d3 Bc5 5. c3 d6 6. Nbd2 a6 7. Bb3 O-O 8. h3
Be6 9. Bc2 d5 10. Ng5 Bc8 11. exd5 Qxd5 12. Nde4 Nxe4 13. Nxe4 Be7 14. Qh5 Be6
15. O-O f5 16. Ng5 Bxg5 17. Bxg5 Rae8 18. Rfe1 Qd7 19. a4 a5 20. Rad1 Bf7 21.
Qh4 Re6 22. Bc1 Rfe8 23. Re2 h6 24. f3 Qd6 25. Rde1 Ne7 26. f4 Ng6 27. fxe5 Rxe5
28. Qf2 Rxe2 29. Rxe2 Rxe2 30. Qxe2 c5 31. Qf2 Be6 32. Be3 b6 33. d4 cxd4 34.
Bxd4 Nf4 35. Bxb6 Bd5 36. Bc5 Qb8 37. Bxf5 Bxg2 38. Qe3 Bc6 39. b4 axb4 40. cxb4
Bxa4 41. Bd4 Qd6 42. Be5 Qd1+ 43. Kh2 Bc6 44. Bxf4 Qh1+ 45. Kg3 Qg2+ 46. Kh4 g5+
47. Bxg5 hxg5+ 48. Qxg5+ Kf7 49. Qxg2 Bxg2 50. Kg5 Bf1 51. h4 Be2 52. h5 Bf1 53.
h6 Bb5 54. Kf4 Kf6 55. h7 Kg7 56. Ke5 Bf1 57. Kd4 Bb5 58. Kc5 Bd7 59. Bxd7 1-0

[Event "ChessKid Divisione 1 - Sconfitti"]
[Site "Internet"]
[Date "22.05.2023"]
[Round "S1"]
[White "Moussard, Jules"]
[Black "Shimanov, Aleksandr"]
[Result "1-0"]
[WhiteTitle "GM"]
[BlackTitle "GM"]
[WhiteElo "2644"]
[BlackElo "2581"]
[WhiteFideId "642908"]
[BlackFideId "4198603"]
[EventDate "22.05.2023"]
[EventType "k.o."]

1. e4 e6 2. d4 d5 3. e5 c5 4. c3 Nc6 5. Nf3 Nge7 6. Be2 Nf5 7. dxc5 Bxc5 8. O-O
Nh4 9. Bf4 Nxf3+ 10. Bxf3 O-O 11. Bg3 b5 12. Nd2 Bd7 13. Be2 Rb8 14. Bd3 b4 15.
Nb3 Be7 16. c4 dxc4 17. Bxc4 a5 18. Bd3 Qb6 19. Qe2 Rfd8 20. Rfd1 Be8 21. Nd2
Nd4 22. Qg4 Bb5 23. Nc4 Bxc4 24. Bxc4 Nf5 25. Bd3 Rd4 26. Qe2 Nxg3 27. hxg3 Rbd8
28. Bc2 Bc5 29. Rxd4 Bxd4 30. Rd1 Bxb2 31. Kh2 Bd4 32. f4 g6 33. g4 Rc8 34. Rd3
Qc5 35. Bb3 Rd8 36. Kh3 Qc6 37. Qf3 Qc1 38. g3 Qc5 39. Qe4 Qb6 40. f5 exf5 41.
gxf5 gxf5 42. Qxf5 Qg6 43. Bxf7+ Qxf7 44. Qg5+ 1-0

[Event "ChessKid Divisione 1 - Sconfitti"]
[Site "Internet"]
[Date "23.05.2023"]
[Round "S2"]
[White "Shimanov, Aleksandr"]
[Black "Moussard, Jules"]
[Result "0-1"]
[WhiteTitle "GM"]
[BlackTitle "GM"]
[WhiteElo "2581"]
[BlackElo "2644"]
[WhiteFideId "4198603"]
[BlackFideId "642908"]
[EventDate "22.05.2023"]
[EventType "k.o."]

1. e4 c5 2. Nc3 d6 3. Bb5+ Bd7 4. Bxd7+ Qxd7 5. d4 cxd4 6. Qxd4 Nc6 7. Qd3 g6 8.
Nf3 Bg7 9. O-O Nf6 10. Nd5 O-O 11. Bg5 Ne8 12. Rad1 h6 13. Bf4 Rd8 14. c4 e6 15.
Nc3 Qe7 16. h3 a6 17. Rfe1 Rc8 18. a3 Na5 19. c5 Rxc5 20. e5 dxe5 21. Bxe5 Nc6
22. Bxg7 Nxg7 23. b4 Rd8 24. Qxd8+ Nxd8 25. bxc5 Nc6 26. Ne4 Ne8 27. Nd6 Nf6 28.
Nd4 Nxd4 29. Rxd4 Qc7 30. Rc1 Nd5 31. g3 Qc6 32. Ne4 b6 33. Rdc4 Kg7 34. h4 bxc5
35. Nxc5 Qb5 36. a4 Qb6 37. Nd3 Qb3 38. Ne5 Qb2 39. Nf3 Qe2 40. Nd4 Qa2 41. Nc6
Nb6 42. Rf4 Nd5 43. Rfc4 Nb6 44. Rd4 Qb2 45. Rcd1 Nd5 46. R4d2 Qc3 47. Nd4 Qb4
48. Rc2 Qxa4 49. Rdd2 Qa5 50. Ra2 Qc5 51. Rac2 Qa5 52. Nf3 Qa3 53. Kg2 a5 54.
Ra2 Qc3 55. Rac2 Qa3 56. Ne5 Qb4 57. Re2 a4 58. Rc4 Qb7 59. Nf3 a3 60. Ra4 Nc3 0-1

[Event "ChessKid Divisione 1 - Vincitori"]
[Site "Internet"]
[Date "23.05.2023"]
[Round "VS1"]
[White "Van Foreest, Jorden"]
[Black "Kollars, Dmitrij"]
[Result "0-1"]
[WhiteTitle "GM"]
[BlackTitle "GM"]
[WhiteElo "2689"]
[BlackElo "2607"]
[WhiteFideId "1039784"]
[BlackFideId "12909572"]
[EventDate "22.05.2023"]
[EventType "k.o."]

1. d4 d5 2. c4 c6 3. Nf3 Nf6 4. Qc2 g6 5. e3 Bg7 6. Be2 c5 7. cxd5 cxd4 8. Nxd4
O-O 9. O-O Nxd5 10. Rd1 Qb6 11. Nc3 Nb4 12. Qb3 N8c6 13. a3 Nxd4 14. exd4 Nc6
15. Qxb6 axb6 16. Be3 Bf5 17. Rac1 h5 18. h3 h4 19. Bg4 Bxg4 20. hxg4 e6 21. f3
Na5 22. Ne4 Rfc8 23. Bf2 Rxc1 24. Rxc1 Nc6 25. g5 Rd8 26. Nf6+ Bxf6 27. gxf6 g5
28. Be3 Rd5 29. a4 Kh7 30. b4 b5 31. a5 Nd8 32. f4 g4 33. Kf2 Kg6 34. Rh1 Rh5
35. Rc1 Kxf6 36. Ke2 h3 37. gxh3 gxh3 38. Kf3 h2 39. Rh1 Kf5 40. Bf2 Nc6 41. Bg3
Nxd4+ 42. Kf2 Nc6 43. Bxh2 Nxb4 44. Kg3 Nd5 45. Rc1 f6 46. Rc5 b4 47. Bg1 Rh7
48. Rb5 Rg7+ 49. Kf2 Kxf4 0-1